Normalización integral en los procesos administrativos telefónicos de las agencias regionales del ICE

Tallennettuna:
Bibliografiset tiedot
Päätekijä: Alvarado Solano, Mario
Aineistotyyppi: Kirja
Julkaistu: 1985
Tagit: Lisää tagi
Ei tageja, Lisää ensimmäinen tagi!

MARC

LEADER 00000nam a2200000Ia 4500
003 002820
005 20221231144403.0
008 140114s1985 cr a m 000 ||s d
040 |c cru CEDI 
090 |a TFG 1661 
100 |a Alvarado Solano, Mario   |9 14561 
245 |a Normalización integral en los procesos administrativos telefónicos de las agencias regionales del ICE 
260 |c 1985 
300 |a 93 hojas :ilustraciones  
500 |a Investigación dirigida (licenciatura en ingeniería eléctrica)--Universidad de Costa Rica. Facultad de Ingeniería. Escuela de Ingeniería Eléctrica 
942 |c TFG 
999 |c 21116  |d 21116